<?xml version="1.0" encoding="UTF-8"?>
<record
    xmlns:xsi="http://www.w3.org/2001/XMLSchema-instance"
    xsi:schemaLocation="http://www.loc.gov/MARC21/slim http://www.loc.gov/standards/marcxml/schema/MARC21slim.xsd"
    xmlns="http://www.loc.gov/MARC21/slim">

  <leader>01046nam a22001817a 4500</leader>
  <controlfield tag="003">NUST</controlfield>
  <controlfield tag="005">20240924144705.0</controlfield>
  <datafield tag="082" ind1=" " ind2=" ">
    <subfield code="a">005.1,SHA</subfield>
  </datafield>
  <datafield tag="100" ind1=" " ind2=" ">
    <subfield code="a">Shah, Shazray </subfield>
    <subfield code="9">126033</subfield>
  </datafield>
  <datafield tag="245" ind1=" " ind2=" ">
    <subfield code="a">VANGO - Alert Based Transportation /</subfield>
    <subfield code="c">Shazray Shah, Hadia Shafqat, Hareem Ahmed, Javeria Shahbaz.</subfield>
  </datafield>
  <datafield tag="260" ind1=" " ind2=" ">
    <subfield code="a">MCS, NUST</subfield>
    <subfield code="b">Rawalpindi </subfield>
    <subfield code="c">2024</subfield>
  </datafield>
  <datafield tag="300" ind1=" " ind2=" ">
    <subfield code="a">62 p</subfield>
  </datafield>
  <datafield tag="505" ind1=" " ind2=" ">
    <subfield code="a">This document provides an introduction to VanGo, the Android application for a School
Van transportation System. The primary objective of this app is to offer an efficient and
reliable van service for school-going children. Through a user-friendly mobile solution,
we aim to simplify the process of finding and booking a safe van that provides real-time
tracking of school vans, delivers live camera feed from inside the van and gives
attendance notifications to parents, while also storing all pertinent data for future
reference.</subfield>
  </datafield>
  <datafield tag="650" ind1=" " ind2=" ">
    <subfield code="a">UG BESE</subfield>
    <subfield code="9">114271</subfield>
  </datafield>
  <datafield tag="651" ind1=" " ind2=" ">
    <subfield code="a"> BESE-26 </subfield>
    <subfield code="9">125902</subfield>
  </datafield>
  <datafield tag="700" ind1=" " ind2=" ">
    <subfield code="a">Supervisor Dr. Shahzaib Tahir</subfield>
    <subfield code="9">113129</subfield>
  </datafield>
  <datafield tag="942" ind1=" " ind2=" ">
    <subfield code="2">ddc</subfield>
    <subfield code="c">PR</subfield>
  </datafield>
  <datafield tag="999" ind1=" " ind2=" ">
    <subfield code="c">611767</subfield>
    <subfield code="d">611767</subfield>
  </datafield>
  <datafield tag="952" ind1=" " ind2=" ">
    <subfield code="0">0</subfield>
    <subfield code="1">0</subfield>
    <subfield code="2">ddc</subfield>
    <subfield code="4">0</subfield>
    <subfield code="7">0</subfield>
    <subfield code="a">MCS</subfield>
    <subfield code="b">MCS</subfield>
    <subfield code="c">GEN</subfield>
    <subfield code="d">2024-09-24</subfield>
    <subfield code="l">0</subfield>
    <subfield code="o">005.1,SHA</subfield>
    <subfield code="p">MCSPCS-497</subfield>
    <subfield code="r">2024-09-24</subfield>
    <subfield code="w">2024-09-24</subfield>
    <subfield code="y">PR</subfield>
  </datafield>
</record>
